LEADER 01341nam2-2200373---450- 001 990003155210203316 005 20081003085436.0 010 $a978-3-540-85857-4 035 $a000315521 035 $aUSA01000315521 035 $a(ALEPH)000315521USA01 035 $a000315521 100 $a20081003d2008----km-y0itay0103----ba 101 0 $aeng 102 $aDE 105 $aa|||||||001yy 200 1 $aPrinciples and practice of constraint programming$e14th international conference, CP 2008$eSydney, Australia, September 14-18, 2008$eproceedings$fPeter J. Stuckey (Ed.) 210 $aBerlin [etc.]$cSpringer$dcopyr. 2008 215 $aXVII, 648 p.$cill.$d24 cm 225 2 $aLecture notes in computer science$v5202 410 0$12001$aLecture notes in computer science 461 1$1001000314960$12001$aLecture notes in computer science 606 0 $aProgrammazione Strutturata$xCongressi$ySydney$z2008 676 $a005.113 702 1$aSTUCKEY,$bPeter J. 710 12$aInternational conference, CP 2008$d<14.;$f2008;$eSydney>$0602373 801 0$aITA$bsalbc$gISBD 912 $a990003155210203316 951 $a001 LNCS 5202$b37477/CBS$c001$d00217783 959 $aBK 969 $aSCI 979 $aCBAS$b10$c20081003$lUSA01$h0854 996 $aPrinciples and practice of constraint programming$91017931 997 $aUNISA